Architectural Origami Create Models of the World Great Buildings (Record no. 2766)
[ view plain ]
| 000 -LEADER | |
|---|---|
| fixed length control field | 00319nam a2200109Ia 4500 |
| 008 - FIXED-LENGTH DATA ELEMENTS--GENERAL INFORMATION | |
| fixed length control field | 200302s9999 xx 000 0 und d |
| 100 ## - MAIN ENTRY--PERSONAL NAME | |
| Personal name | Ingrid Siliakus & Others |
| 245 ## - TITLE STATEMENT | |
| Title | Architectural Origami Create Models of the World Great Buildings |
| 260 ## - PUBLICATION, DISTRIBUTION, ETC. | |
| Name of publisher, distributor, etc. | Page one Publishing Pvt. Ltd. |
| 260 ## - PUBLICATION, DISTRIBUTION, ETC. | |
| Date of publication, distribution, etc. | 2009 |
| 300 ## - PHYSICAL DESCRIPTION | |
| Extent | 109 P., |
| Withdrawn status | Lost status | Damaged status | Not for loan | Permanent Location | Current Location | Date acquired | Cost, normal purchase price | Total Checkouts | Full call number | Barcode | Date last seen | Date last checked out | Price effective from | Koha item type |
|---|---|---|---|---|---|---|---|---|---|---|---|---|---|---|
| BMS College of Architecture, Design and Planning | BMS College of Architecture, Design and Planning | 2020-03-03 | 680.00 | 1 | 736.98 | CL-UG55892 | 2022-01-03 | 2022-01-03 | 2020-03-03 | UG Books from CL |